Tom Clancy's Rainbow Six Siege - Guess the Map - Statistics

General Stats
  • This quiz has been taken 1,853 times
  • The average score is 12 of 16
Answer Stats
Picture Answer % Correct
Bank 2nd Floor
96%
Club House 2nd Floor
93%
Border 2nd Floor
88%
Bank Basement
82%
Kanal 2nd Floor
82%
Chalet 2nd Floor
79%
Coastline 2nd Floor
79%
Border 1st Floor
78%
Skyscraper 1st Floor
77%
Outback 2nd Floor
76%
Theme Park 1st Floor
67%
Kanal Basement
66%
Villa 1st Floor
60%
Villa 2nd Floor
59%
Kafe 3rdFloor
54%
Villa Basement
46%
No matching quizzes found
Score Distribution
Percent of People with Each Score
Percentile by Number Answered
Your Score History
You have not taken this quiz